000 00439nam a22001697a 4500
003 OSt
005 20211213130122.0
008 211213b |||||||| |||| 00| 0 eng d
020 _a0333273400
040 _cHU
082 _a332.673091724LAL1977
100 _a Lall, Sanjaya
_922810
245 _aForeign investment, transnationals, and developing countries
260 _c1977
300 _aiX280P
_bPC
_c22cm
942 _2ddc
_cBOOKS
_n0
999 _c22403
_d22403